|
|
|
|
| LEADER |
00000nab a2200000 a 4500 |
| 001 |
vtls008875829 |
| 003 |
SK-MaSNL |
| 005 |
20260304134429.0 |
| 008 |
250505c2005 xo 0 slo |
| 015 |
|
|
|a SNBCL2005/5
|
| 035 |
|
|
|a SLK037255
|
| 035 |
|
|
|a urn:nbn:sk:snk-abyiq
|
| 035 |
|
|
|a (urnnbn)urn:nbn:sk:snk:ar-a05mq0
|
| 035 |
|
|
|a (uuid)bdffe122-82bb-4740-b98d-b9067860fdc1
|
| 040 |
|
|
|a SNKBUCL
|b slo
|c SNKBUCL
|e AACR2
|
| 041 |
0 |
|
|a slo
|
| 044 |
|
|
|a xo
|c SK
|
| 080 |
|
|
|a 159.964
|2 1981
|
| 100 |
1 |
|
|a Bystrická, Zuzana,
|d 1969-
|4 aut
|9 217049
|
| 245 |
1 |
0 |
|a Biopsychosociálny model G. L. Engela a nový intelektuálny rámec pre psychiatriu E. R. Kandela
|c Z. Bystrická, J. Maliariková
|
| 300 |
|
|
|b Grafy, obr.
|
| 650 |
0 |
7 |
|a modely psychologické
|2 MESH
|9 1056293
|
| 650 |
0 |
7 |
|a psychiatria
|2 MESH
|9 2571
|
| 650 |
0 |
7 |
|a vedy o nervovom systéme
|2 MESH
|9 1264092
|
| 650 |
0 |
7 |
|a biológia
|2 MESH
|9 689
|
| 700 |
1 |
|
|a Maliariková, Jela
|4 aut
|9 303133
|
| 773 |
0 |
|
|t Psychiatria
|g Roč. 12, č. 2-3 (2005), s. 91-138
|x 1335-423X
|
| 850 |
|
|
|a Slovenská národná knižnica
|
| 852 |
|
|
|a Slovenská národná knižnica
|
| 954 |
|
|
|a odborná, vedecká literatúra pôvodná (slovenská)
|2 lita
|
| 958 |
|
|
|a article27
|
| 958 |
|
|
|a OND
|
| 958 |
|
|
|a EUIPO
|
| 999 |
|
|
|c 2906817
|d 2908747
|